Capitals of Africa with an Empty Map - Statistics

General Stats
  • This quiz has been taken 165 times
  • The average score is 34 of 54
Answers on the Map
Answers color-coded by a green-red scale on the quiz's map according to % correct below.
 
Answer Stats
Capital % Correct
Cairo
89%
Rabat
85%
Tunis
85%
Tripoli
84%
Pretoria
80%
Addis Ababa
73%
Khartoum
73%
Nairobi
73%
Accra
71%
Banjul
71%
Juba
71%
Luanda
71%
Windhoek
71%
Abuja
69%
Gaborone
69%
Kampala
69%
Lusaka
69%
Asmara
67%
Dakar
67%
Djibouti
67%
Antananarivo
65%
Bissau
65%
Brazzaville
65%
Harare
65%
Porto-Novo
65%
São Tomé
65%
Yaoundé
65%
Kinshasa
64%
Lomé
64%
Bangui
62%
Conakry
62%
Dodoma
62%
Kigali
62%
Monrovia
62%
N'Djamena
62%
Ouagadougou
62%
Bamako
60%
Freetown
60%
Maputo
58%
Mogadishu
58%
Niamey
58%
Bujumbura
56%
Libreville
56%
Port Louis
56%
Praia
56%
Lilongwe
55%
Maseru
55%
Moroni
55%
Victoria
55%
Mbabane
53%
Malabo
51%
Nouakchott
49%
Algeris
15%
Yamossukro
15%
No matching quizzes found
Score Distribution
Percent of People with Each Score
Percentile by Number Answered
Your Score History
You have not taken this quiz